[Event "March of Kings"]
[Site "Edmonton CAN"]
[Date "2009.03.15"]
[Round "4"]
[White "Lazo, Jan Edmund"]
[Black "Hansen, Eric"]
[Result "0-1"]
[WhiteElo "1933"]
[BlackElo "2398"]
[PlyCount "70"]
[GameId "2160767910231581"]
[EventDate "2009.03.14"]
[EventType "swiss"]
[EventRounds "5"]
[EventCountry "CAN"]
[SourceTitle "EXT 2011"]
[Source "ChessBase"]
[SourceDate "2011.11.26"]
[SourceVersion "1"]
[SourceVersionDate "2011.11.26"]
[SourceQuality "1"]

1. e4 c5 2. Nf3 d6 3. Bb5+ Nd7 4. d4 cxd4 5. Qxd4 a6 6. Bxd7+ Bxd7 7. c4 Nf6 8. Nc3 e6 9. Bg5 Be7 10. O-O O-O 11. Rfd1 Bc6 12. Rac1 Rc8 13. Rd3 Qa5 14. a3 h6 15. b4 Qc7 16. Bxf6 Bxf6 17. Qe3 Bd7 18. Nd2 Rfd8 19. Qg3 Be8 20. Nd1 Qe7 21. Ne3 b5 22. Rd1 Bc6 23. f3 Be8 24. Kh1 Be5 25. f4 Bf6 26. Qf3 Bc6 27. Ng4 bxc4 28. Nxc4 Ba4 29. Nxf6+ Qxf6 30. e5 Bxd1 31. Rxd1 dxe5 32. Rxd8+ Qxd8 33. Ne3 Rc1+ 34. Nf1 e4 35. Qe2 Qd3 0-1

[Event "Calgary Winter-A"]
[Site "Calgary CAN"]
[Date "2007.12.14"]
[Round "1"]
[White "Yearwood, Roy"]
[Black "Hansen, Eric"]
[Result "0-1"]
[WhiteElo "2066"]
[BlackElo "2132"]
[PlyCount "56"]
[GameId "2160767910565917"]
[EventDate "2007.12.14"]
[EventType "tourn"]
[EventRounds "5"]
[EventCountry "CAN"]
[SourceTitle "EXT 2019"]
[Source "ChessBase"]
[SourceDate "2018.10.10"]
[SourceVersion "1"]
[SourceVersionDate "2018.10.10"]
[SourceQuality "1"]

1. e4 c5 2. Nf3 d6 3. Bb5+ Nd7 4. O-O Ngf6 5. Re1 a6 6. Bf1 b5 7. a4 b4 8. d4 cxd4 9. Qxd4 e6 10. c3 Nc5 11. Nbd2 bxc3 12. Qxc3 Bb7 13. Qc2 Rc8 14. Qb1 d5 15. exd5 Nxd5 16. Nc4 Nb3 17. Bg5 Qc7 18. Ra2 Bb4 19. Re4 O-O 20. Rh4 f5 21. Qd1 Nc5 22. Nfe5 Ne4 23. Bc1 Bc6 24. Nd3 Be7 25. Rxe4 fxe4 26. Nde5 Bc5 27. Ng4 Rcd8 28. Qe1 Nb4 0-1

[Event "Calgary Winter-A"]
[Site "Calgary CAN"]
[Date "2007.12.15"]
[Round "3"]
[White "Hansen, Eric"]
[Black "MacKinnon, Keith"]
[Result "1-0"]
[WhiteElo "2132"]
[BlackElo "2077"]
[PlyCount "93"]
[GameId "2160767910565920"]
[EventDate "2007.12.14"]
[EventType "tourn"]
[EventRounds "5"]
[EventCountry "CAN"]
[SourceTitle "EXT 2019"]
[Source "ChessBase"]
[SourceDate "2018.10.10"]
[SourceVersion "1"]
[SourceVersionDate "2018.10.10"]
[SourceQuality "1"]

1. e4 e5 2. Nf3 Nc6 3. Bc4 Bc5 4. c3 Nf6 5. d3 d6 6. O-O Bb6 7. Bb3 Ne7 8. Nbd2 Ng6 9. Re1 Bg4 10. h3 Bh5 11. g3 Qd7 12. Kg2 h6 13. Nf1 O-O 14. Be3 Bxe3 15. Nxe3 Nh7 16. Nxe5 Nxe5 17. Qxh5 Nxd3 18. Red1 Nxb2 19. Rd4 Nf6 20. Qf3 c5 21. Rd2 c4 22. Bc2 Qc7 23. Nf5 Nd7 24. Qg4 g6 25. Nxh6+ Kh7 26. Qh4 Qd8 27. Nf5+ Qxh4 28. Nxh4 Nc5 29. Rxd6 Rad8 30. Rd4 Rxd4 31. cxd4 Ncd3 32. Nf3 Nb4 33. Ne1 Rd8 34. d5 b5 35. a3 Na6 36. Rb1 c3 37. Nd3 Nxd3 38. Bxd3 Nc5 39. Bc2 Rb8 40. Kf3 a5 41. Ke3 b4 42. Kd4 Nd7 43. f4 Kg7 44. axb4 axb4 45. Kc4 Kf6 46. Rxb4 Rc8+ 47. Kd4 1-0

[Event "Calgary Winter-A"]
[Site "Calgary CAN"]
[Date "2007.12.16"]
[Round "4"]
[White "Shabalov, Alexander"]
[Black "Hansen, Eric"]
[Result "1-0"]
[WhiteElo "2626"]
[BlackElo "2132"]
[PlyCount "89"]
[GameId "2160767910565923"]
[EventDate "2007.12.14"]
[EventType "tourn"]
[EventRounds "5"]
[EventCountry "CAN"]
[SourceTitle "EXT 2019"]
[Source "ChessBase"]
[SourceDate "2018.10.10"]
[SourceVersion "1"]
[SourceVersionDate "2018.10.10"]
[SourceQuality "1"]

1. e4 e6 2. d4 d5 3. Nc3 Bb4 4. e5 c5 5. a3 Bxc3+ 6. bxc3 Qa5 7. Bd2 Qa4 8. Qb1 c4 9. h4 Nc6 10. h5 h6 11. g3 Bd7 12. Bh3 O-O-O 13. Ne2 f6 14. Nf4 fxe5 15. Nxe6 Bxe6 16. Bxe6+ Kb8 17. O-O exd4 18. Bf4+ Ka8 19. Bc7 Re8 20. Bxd5 Nf6 21. Bg2 Ne4 22. cxd4 Nc3 23. Qb2 Ne2+ 24. Kh2 c3 25. Qa2 Nexd4 26. Rae1 Qxc2 27. Rxe8+ Rxe8 28. Re1 Rc8 29. Qf7 a6 30. Re8 Rxe8 31. Qxe8+ Ka7 32. Bxc6 Nxc6 33. Qe3+ Ka8 34. Bf4 Nd8 35. Qc5 Qd1 36. Qc8+ Ka7 37. Be3+ b6 38. Qc7+ Ka8 39. Qxb6 Qxh5+ 40. Kg2 Qd5+ 41. f3 Nc6 42. Qxa6+ Kb8 43. Bf4+ Ne5 44. Qe2 Kb7 45. Qxe5 1-0

[Event "Calgary Winter-A"]
[Site "Calgary CAN"]
[Date "2007.12.16"]
[Round "5"]
[White "Hansen, Eric"]
[Black "Hughey, Micah"]
[Result "1-0"]
[WhiteElo "2132"]
[BlackElo "2062"]
[PlyCount "100"]
[GameId "2160767910565924"]
[EventDate "2007.12.14"]
[EventType "tourn"]
[EventRounds "5"]
[EventCountry "CAN"]
[SourceTitle "EXT 2019"]
[Source "ChessBase"]
[SourceDate "2018.10.10"]
[SourceVersion "1"]
[SourceVersionDate "2018.10.10"]
[SourceQuality "1"]

1. e4 e5 2. Nf3 Nc6 3. Bc4 Bc5 4. O-O Nf6 5. d3 d6 6. c3 O-O 7. Bb3 a6 8. Nbd2 Ba7 9. h3 d5 10. Qe2 Re8 11. Rd1 h6 12. Nf1 Be6 13. Ng3 Qd7 14. Nh4 Kh7 15. Qf3 Ne7 16. Bc2 d4 17. Kh2 Rad8 18. Re1 c5 19. Ne2 Nfg8 20. g4 g6 21. c4 b5 22. b3 Bb8 23. Rg1 f6 24. Ng3 Rf8 25. Ngf5 gxf5 26. gxf5 Nxf5 27. Nxf5 Bxf5 28. Qxf5+ Qxf5 29. exf5 Ne7 30. Bd1 Nxf5 31. Kh1 Rg8 32. Rxg8 Rxg8 33. Bf3 Nd6 34. Bd2 f5 35. Bd5 Rg7 36. Re1 Re7 37. Ba5 Ne8 38. Bd8 Rd7 39. Bb6 Rxd5 40. cxd5 Nf6 41. f4 Nxd5 42. fxe5 Nxb6 43. e6 Nd5 44. e7 Nf6 45. e8=Q Nxe8 46. Rxe8 Bf4 47. Rc8 Bd6 48. Rc6 Bf8 49. Rxa6 Kg7 50. Kg2 b4 1-0

[Event "Winter Sectional A"]
[Site "Edmonton CAN"]
[Date "2007.12.15"]
[Round "2"]
[White "Haynes, Nicolas"]
[Black "Hansen, Eric"]
[Result "1/2-1/2"]
[WhiteElo "2067"]
[BlackElo "2077"]
[PlyCount "50"]
[GameId "2160767910565927"]
[EventDate "2007.12.14"]
[EventType "tourn"]
[EventRounds "5"]
[EventCountry "CAN"]

1. d4 Nf6 2. c4 c5 3. Nf3 cxd4 4. Nxd4 e5 5. Nb5 d5 6. cxd5 Bc5 7. e3 O-O 8. N5c3 e4 9. Be2 Re8 10. O-O Nbd7 11. Nd2 Nb6 12. Qc2 Bd6 13. g3 Bf5 14. Rd1 Nbxd5 15. Nxd5 Nxd5 16. Nc4 Nb4 17. Qb3 Nd3 18. Bd2 Rc8 19. Nxd6 Qxd6 20. Bc3 Qg6 21. Rd2 Bg4 22. Bxd3 exd3 23. Qxb7 Bf5 24. Qg2 Qh6 25. Re1 Qb6 1/2-1/2

[Event "Southern Alberta op"]
[Site "Calgary CAN"]
[Date "2007.11.17"]
[Round "3"]
[White "Bae, Torstein"]
[Black "Hansen, Eric"]
[Result "1/2-1/2"]
[WhiteElo "2402"]
[BlackElo "2251"]
[PlyCount "47"]
[GameId "2160767910566066"]
[EventDate "2007.11.17"]
[EventType "swiss"]
[EventRounds "5"]
[EventCountry "CAN"]
[SourceTitle "EXT 2022"]
[Source "ChessBase"]
[SourceDate "2021.10.06"]
[SourceVersion "1"]
[SourceVersionDate "2021.10.06"]
[SourceQuality "1"]

1. d4 Nf6 2. c4 g6 3. Nc3 Bg7 4. e4 d6 5. Bd3 O-O 6. Nge2 e5 7. d5 Nh5 8. O-O f5 9. exf5 gxf5 10. Ng3 Nxg3 11. fxg3 e4 12. Bc2 Nd7 13. g4 Bxc3 14. bxc3 Ne5 15. gxf5 Bxf5 16. Qe2 Bg6 17. Bf4 Nf3+ 18. gxf3 Rxf4 19. Bxe4 Qg5+ 20. Kh1 Re8 21. Rae1 Qf6 22. Qd3 Kf7 23. Bxg6+ hxg6 24. Rg1 1/2-1/2

[Event "Southern Alberta op"]
[Site "Calgary CAN"]
[Date "2007.11.18"]
[Round "5"]
[White "Gardner, Robert"]
[Black "Hansen, Eric"]
[Result "0-1"]
[WhiteElo "2261"]
[BlackElo "2251"]
[PlyCount "68"]
[GameId "2160767910566083"]
[EventDate "2007.11.17"]
[EventType "swiss"]
[EventRounds "5"]
[EventCountry "CAN"]
[SourceTitle "EXT 2022"]
[Source "ChessBase"]
[SourceDate "2021.10.06"]
[SourceVersion "1"]
[SourceVersionDate "2021.10.06"]
[SourceQuality "1"]

1. f4 Nf6 2. Nf3 g6 3. d3 Bg7 4. e4 d6 5. Be2 O-O 6. O-O c5 7. Na3 Nc6 8. c3 Rb8 9. Nc2 b5 10. a3 a5 11. Qe1 b4 12. axb4 axb4 13. c4 Bg4 14. Qh4 Bxf3 15. Bxf3 b3 16. Ne3 Nd4 17. f5 e6 18. g4 exf5 19. exf5 Nd7 20. g5 h6 21. fxg6 Qxg5+ 22. Qxg5 Nxf3+ 23. Rxf3 hxg5 24. gxf7+ Rxf7 25. Rxf7 Kxf7 26. Nf5 Be5 27. Ra7 Ke6 28. Ne3 Bf4 29. Kf2 Ne5 30. Ke2 Rh8 31. Rb7 Rxh2+ 32. Kd1 Rh1+ 33. Kd2 Bxe3+ 34. Kxe3 Rxc1 0-1

[Event "Battle at the Border"]
[Site "Lloydminster CAN"]
[Date "2007.10.20"]
[Round "1"]
[White "McIntyre, John"]
[Black "Hansen, Eric"]
[Result "0-1"]
[WhiteElo "1891"]
[BlackElo "2251"]
[PlyCount "100"]
[GameId "2160767910578731"]
[EventDate "2007.10.20"]
[EventType "swiss"]
[EventRounds "4"]
[EventCountry "CAN"]
[SourceTitle "EXT 2022"]
[Source "ChessBase"]
[SourceDate "2021.10.06"]
[SourceVersion "1"]
[SourceVersionDate "2021.10.06"]
[SourceQuality "1"]

1. e4 c5 2. f4 e6 3. Nf3 Qc7 4. d3 d6 5. Be2 Nd7 6. O-O Ngf6 7. Qe1 Be7 8. c3 a6 9. Qg3 O-O 10. Ng5 b5 11. Qh4 Bb7 12. Rf3 h6 13. Rh3 Rfe8 14. f5 Nh7 15. fxe6 Bxg5 16. exf7+ Kxf7 17. Bh5+ Kg8 18. Bxg5 Nxg5 19. Rg3 Rf8 20. Qg4 Nf6 21. Qe2 Nxh5 22. Qxh5 Qf7 23. Qe2 c4 24. Nd2 cxd3 25. Rxd3 Nxe4 26. Nxe4 Bxe4 27. Rxd6 Rae8 28. Rf1 Qxf1+ 29. Qxf1 Rxf1+ 30. Kxf1 Rf8+ 31. Kg1 Rf6 32. Rd4 Bb1 33. a4 bxa4 34. Rxa4 Rb6 35. b4 Bd3 36. Kf2 Re6 37. Ra2 Kf7 38. Rd2 Bb5 39. Rc2 Re4 40. Kf3 Rc4 41. Ke3 Kg6 42. Rc1 Kf6 43. Kd2 Re4 44. Kc2 Re2+ 45. Kb3 Rxg2 46. c4 Bc6 47. Rd1 Ke7 48. Re1+ Kd6 49. Rd1+ Kc7 50. Re1 g5 0-1

[Event "Battle at the Border"]
[Site "Lloydminster CAN"]
[Date "2007.10.20"]
[Round "2"]
[White "Hansen, Eric"]
[Black "Bae, Torstein"]
[Result "0-1"]
[WhiteElo "2251"]
[BlackElo "2383"]
[PlyCount "72"]
[GameId "2160767910578740"]
[EventDate "2007.10.20"]
[EventType "swiss"]
[EventRounds "4"]
[EventCountry "CAN"]
[SourceTitle "EXT 2022"]
[Source "ChessBase"]
[SourceDate "2021.10.06"]
[SourceVersion "1"]
[SourceVersionDate "2021.10.06"]
[SourceQuality "1"]

1. e4 c6 2. d4 d5 3. e5 c5 4. dxc5 Nc6 5. Nf3 Bg4 6. Bb5 e6 7. Be3 Nge7 8. c3 Qc7 9. Nbd2 Nf5 10. Bd4 Be7 11. O-O O-O 12. h3 Bh5 13. Qa4 a5 14. Bxc6 bxc6 15. Rfe1 Bg6 16. Nb3 Rfb8 17. Be3 Nxe3 18. Rxe3 Rb5 19. Qa3 a4 20. Nbd4 Rbb8 21. Nd2 Ra5 22. c4 Bxc5 23. Qc3 Bxd4 24. Qxd4 c5 25. Qf4 Rxb2 26. Rg3 a3 27. h4 Ra4 28. Qg5 h6 29. Qe3 Qe7 30. cxd5 exd5 31. Nf3 d4 32. Qf4 Qe6 33. Qc1 Rc4 34. Qf4 Qf5 35. Qxf5 Bxf5 36. Ne1 Rc3 0-1

[Event "Battle at the Border"]
[Site "Lloydminster CAN"]
[Date "2007.10.21"]
[Round "3"]
[White "Soerensen, Lyndon"]
[Black "Hansen, Eric"]
[Result "0-1"]
[WhiteElo "1862"]
[BlackElo "2251"]
[PlyCount "41"]
[GameId "2160767910578763"]
[EventDate "2007.10.20"]
[EventType "swiss"]
[EventRounds "4"]
[EventCountry "CAN"]
[SourceTitle "EXT 2022"]
[Source "ChessBase"]
[SourceDate "2021.10.06"]
[SourceVersion "1"]
[SourceVersionDate "2021.10.06"]
[SourceQuality "1"]

1. d4 Nf6 2. Nc3 d6 3. Bg5 Nbd7 4. Nf3 c6 5. e4 Qc7 6. Qd3 e5 7. Be2 Be7 8. a3 O-O 9. O-O Re8 10. Rfd1 a6 11. Nh4 h6 12. Be3 Nf8 13. Qd2 Nxe4 14. Nxe4 Bxh4 15. Bxh6 gxh6 16. Qxh6 d5 17. Ng3 Bxg3 18. Qg5+ Ng6 19. Qxg3 Qe7 20. Qd3 exd4 21. Bh5 0-1

[Event "Battle of Alberta"]
[Site "Red Deer CAN"]
[Date "2007.08.18"]
[Round "1"]
[White "Hansen, Eric"]
[Black "Haynes, Nicolas"]
[Result "1/2-1/2"]
[WhiteElo "2231"]
[BlackElo "2229"]
[PlyCount "66"]
[GameId "2160767910579815"]
[EventDate "2007.08.18"]
[EventType "team"]
[EventRounds "2"]
[EventCountry "CAN"]

1. e4 c5 2. Nf3 Nc6 3. Bb5 g6 4. O-O Bg7 5. Re1 e5 6. d3 Nge7 7. h3 O-O 8. c3 d6 9. Nbd2 h6 10. Nf1 f5 11. Ne3 f4 12. Bc4+ Kh8 13. Nd5 g5 14. Nxe7 Qxe7 15. Bd5 g4 16. hxg4 Bxg4 17. Bxc6 Bxf3 18. Qxf3 bxc6 19. b3 Bf6 20. Bb2 Rg8 21. Kf1 Rg5 22. Ke2 Qg7 23. Rh1 Rg8 24. Rag1 Kh7 25. Rh2 Qf7 26. Rgh1 R8g6 27. Rh5 Qg7 28. Rxg5 Rxg5 29. Kf1 a5 30. Rh5 a4 31. Rxg5 Bxg5 32. Qh3 Qf7 33. c4 axb3 1/2-1/2

[Event "Battle of Alberta"]
[Site "Red Deer CAN"]
[Date "2007.08.18"]
[Round "2"]
[White "Haynes, Nicolas"]
[Black "Hansen, Eric"]
[Result "1/2-1/2"]
[WhiteElo "2229"]
[BlackElo "2231"]
[PlyCount "55"]
[GameId "2160767910579821"]
[EventDate "2007.08.18"]
[EventType "team"]
[EventRounds "2"]
[EventCountry "CAN"]

1. d4 Nf6 2. c4 c5 3. d5 b5 4. cxb5 a6 5. f3 g6 6. e4 d6 7. Na3 Bg7 8. Ne2 O-O 9. Nc3 e6 10. Be2 exd5 11. exd5 Nh5 12. O-O Re8 13. Nc2 Nd7 14. g4 Nhf6 15. h3 Nb6 16. bxa6 Bxa6 17. Bxa6 Rxa6 18. Bg5 Qa8 19. Nb5 Nfxd5 20. Nxd6 Rf8 21. Ne4 Qc6 22. Nc3 Nxc3 23. bxc3 Bxc3 24. Qd3 Nd5 25. Rad1 Rxa2 26. Rf2 Ra5 27. f4 c4 28. Qf3 1/2-1/2

[Event "CAN-ch"]
[Site "Kitchener CAN"]
[Date "2007.08.01"]
[Round "1"]
[White "Hamilton, Robert"]
[Black "Hansen, Eric"]
[Result "1-0"]
[WhiteElo "2287"]
[BlackElo "2094"]
[PlyCount "84"]
[GameId "2160767910579989"]
[EventDate "2007.08.01"]
[EventType "swiss"]
[EventRounds "9"]
[EventCountry "CAN"]
[SourceTitle "EXT 2022"]
[Source "ChessBase"]
[SourceDate "2021.10.06"]
[SourceVersion "1"]
[SourceVersionDate "2021.10.06"]
[SourceQuality "1"]

1. d4 Nf6 2. c4 g6 3. Nc3 Bg7 4. e4 d6 5. d5 O-O 6. Bd3 c6 7. Nf3 a5 8. h3 Na6 9. O-O e5 10. Be3 Nh5 11. Na4 Nf4 12. Nb6 Rb8 13. Bc2 c5 14. Nxc8 Qxc8 15. Qd2 b5 16. cxb5 Rxb5 17. Rab1 Qc7 18. Rfc1 Rfb8 19. Bb3 Nh5 20. Bc4 R5b6 21. Qxa5 Rxb2 22. Qe1 R2b6 23. Nd2 Nf6 24. Bb3 R6b7 25. Qe2 Ra7 26. a3 Qd8 27. Qd3 Nc7 28. Bc4 Rba8 29. Rb3 Nd7 30. Nb1 Qf8 31. Rc2 Bh6 32. Rcb2 Bxe3 33. Qxe3 Rb8 34. Be2 Rxb3 35. Rxb3 Nf6 36. Nd2 Qa8 37. Nc4 Nfe8 38. f4 exf4 39. Qxf4 Rb7 40. Rf3 Nb5 41. Qd2 Qa4 42. Qc3 Re7 1-0

[Event "CAN-ch"]
[Site "Kitchener CAN"]
[Date "2007.08.01"]
[Round "2"]
[White "Hansen, Eric"]
[Black "Zubac, Marius"]
[Result "0-1"]
[WhiteElo "2094"]
[BlackElo "2194"]
[PlyCount "98"]
[GameId "2160767910580005"]
[EventDate "2007.08.01"]
[EventType "swiss"]
[EventRounds "9"]
[EventCountry "CAN"]
[SourceTitle "EXT 2022"]
[Source "ChessBase"]
[SourceDate "2021.10.06"]
[SourceVersion "1"]
[SourceVersionDate "2021.10.06"]
[SourceQuality "1"]

1. e4 g6 2. d4 Bg7 3. Nc3 d6 4. Be3 Nd7 5. Qd2 a6 6. Nf3 b5 7. a3 Bb7 8. O-O-O c6 9. h4 h6 10. g4 a5 11. g5 b4 12. Ne2 bxa3 13. bxa3 Qb6 14. Bh3 Rb8 15. Qc3 Qb5 16. Ng3 Nc5 17. Bf1 Na4 18. Qb3 Qxb3 19. cxb3 Nc3 20. Rd3 Nb5 21. a4 Nc7 22. Rc3 hxg5 23. hxg5 Rxh1 24. Nxh1 e6 25. Rc2 Ne7 26. Ng3 Ba6 27. Kb2 Kd7 28. Bg2 c5 29. Ka3 cxd4 30. Bxd4 Bf8 31. Rd2 Nc6 32. Bc5 Ne8 33. e5 Kc7 34. exd6+ Nxd6 35. Bxd6+ Bxd6+ 36. Ka2 Nb4+ 37. Kb2 Nd3+ 38. Kc2 Nxf2 39. Rxf2 Bxg3 40. Rd2 Bf4 41. Rd4 Rb4 42. Rd1 Bb7 43. Kc3 Bd5 44. Rb1 e5 45. Bh1 e4 46. Nd2 Bxg5 47. Nf1 f5 48. Ng3 Kd6 49. Ne2 Ke5 0-1

[Event "CAN-ch"]
[Site "Kitchener CAN"]
[Date "2007.08.02"]
[Round "3"]
[White "Kazmaier, Daniel"]
[Black "Hansen, Eric"]
[Result "1/2-1/2"]
[WhiteElo "2174"]
[BlackElo "2094"]
[PlyCount "46"]
[GameId "2160767910580023"]
[EventDate "2007.08.01"]
[EventType "swiss"]
[EventRounds "9"]
[EventCountry "CAN"]
[SourceTitle "EXT 2022"]
[Source "ChessBase"]
[SourceDate "2021.10.06"]
[SourceVersion "1"]
[SourceVersionDate "2021.10.06"]
[SourceQuality "1"]

1. e4 e6 2. d4 d5 3. exd5 exd5 4. Bd3 Bd6 5. Ne2 Ne7 6. O-O O-O 7. Bf4 Nbc6 8. c3 Re8 9. Nd2 Bf5 10. Nf3 Bxd3 11. Qxd3 Bxf4 12. Nxf4 Qd6 13. g3 Ng6 14. Nxg6 hxg6 15. Rfe1 Kf8 16. Ng5 a6 17. f4 Qd7 18. Rf1 Qf5 19. Qf3 f6 20. g4 Qd7 21. Nh3 Re7 22. Rae1 Rae8 23. Rxe7 Rxe7 1/2-1/2

[Event "CAN-ch"]
[Site "Kitchener CAN"]
[Date "2007.08.03"]
[Round "4"]
[White "Hansen, Eric"]
[Black "Sundar, Avinaash"]
[Result "0-1"]
[WhiteElo "2094"]
[BlackElo "2086"]
[PlyCount "92"]
[GameId "2160767910580033"]
[EventDate "2007.08.01"]
[EventType "swiss"]
[EventRounds "9"]
[EventCountry "CAN"]

1. e4 c5 2. Nf3 d6 3. d4 cxd4 4. Nxd4 Nf6 5. Nc3 g6 6. Be3 Bg7 7. f3 Nc6 8. Qd2 O-O 9. O-O-O d5 10. Ndb5 a6 11. Nd4 dxe4 12. Nxc6 Qxd2+ 13. Rxd2 bxc6 14. Bc4 exf3 15. gxf3 Nd7 16. Bb3 Ne5 17. f4 Ng4 18. Bc5 Re8 19. Ne4 Nf6 20. Nxf6+ Bxf6 21. Ba4 Rb8 22. c3 Bf5 23. Bxc6 Rec8 24. Ba7 Bxc3 25. Bxb8 Bxd2+ 26. Kxd2 Rxb8 27. b3 Rc8 28. Rc1 Rd8+ 29. Ke2 Rd4 30. Rc5 Rxf4 31. Bb7 Rh4 32. Ra5 Rxh2+ 33. Kf3 Bb1 34. a4 Rh3+ 35. Kf2 Rxb3 36. Bxa6 Rb8 37. Bc4 Ba2 38. Bd3 e6 39. Be4 Bd5 40. Bxd5 exd5 41. Rxd5 Rb3 42. Ke2 Ra3 43. a5 h5 44. Kd2 h4 45. Rd4 Rxa5 46. Rxh4 Ra3 0-1

[Event "CAN-ch"]
[Site "Kitchener CAN"]
[Date "2007.08.03"]
[Round "5"]
[White "Hansen, Eric"]
[Black "Jung, Hans"]
[Result "1-0"]
[WhiteElo "2094"]
[BlackElo "2185"]
[PlyCount "111"]
[GameId "2160767910580047"]
[EventDate "2007.08.01"]
[EventType "swiss"]
[EventRounds "9"]
[EventCountry "CAN"]
[SourceTitle "EXT 2022"]
[Source "ChessBase"]
[SourceDate "2021.10.06"]
[SourceVersion "1"]
[SourceVersionDate "2021.10.06"]
[SourceQuality "1"]

1. e4 d6 2. d4 e5 3. Nf3 exd4 4. Nxd4 Nf6 5. Nc3 Be7 6. Be2 c5 7. Nb3 a6 8. a4 Be6 9. O-O Bxb3 10. cxb3 Nc6 11. f4 h5 12. Be3 h4 13. Kh1 Qd7 14. Re1 O-O-O 15. a5 Kb8 16. Bf3 Rde8 17. Na4 Bd8 18. Qc2 Nb4 19. Qb1 Qe6 20. e5 Qxb3 21. Ra3 Qc2 22. exf6 Bxf6 23. Bg1 Rxe1 24. Qxe1 h3 25. gxh3 Qf5 26. Qe4 Qxe4 27. Bxe4 Re8 28. Re3 Bd4 29. Re2 Bxg1 30. Kxg1 Nd5 31. Nc3 Nxf4 32. Rd2 Re6 33. h4 g6 34. Bc2 Re1+ 35. Kf2 Re6 36. Bb3 Rf6 37. Ne4 Rf5 38. Nxd6 Rh5 39. Nxf7 Rxh4 40. Kg3 Rh3+ 41. Kxf4 Rxb3 42. Ne5 Rb5 43. Nc4 Rb4 44. Rc2 Kc7 45. Kg5 Kc6 46. Kxg6 Kb5 47. h4 Rb3 48. Rc3 Rxc3 49. bxc3 Kxc4 50. h5 Kxc3 51. h6 Kb4 52. h7 Kxa5 53. h8=Q b5 54. Qc3+ Kb6 55. Kf5 a5 56. Qf6+ 1-0

[Event "CAN-ch"]
[Site "Kitchener CAN"]
[Date "2007.08.03"]
[Round "6"]
[White "Mai, Lloyd"]
[Black "Hansen, Eric"]
[Result "0-1"]
[WhiteElo "2211"]
[BlackElo "2094"]
[PlyCount "98"]
[GameId "2160767910580066"]
[EventDate "2007.08.01"]
[EventType "swiss"]
[EventRounds "9"]
[EventCountry "CAN"]
[SourceTitle "EXT 2022"]
[Source "ChessBase"]
[SourceDate "2021.10.06"]
[SourceVersion "1"]
[SourceVersionDate "2021.10.06"]
[SourceQuality "1"]

1. e4 c5 2. Nf3 e6 3. d3 Nc6 4. g3 d5 5. Nbd2 Nf6 6. Bg2 Be7 7. O-O O-O 8. e5 Nd7 9. Re1 b5 10. c3 a5 11. Nf1 Ba6 12. h4 b4 13. N1h2 bxc3 14. bxc3 Rb8 15. Qe2 a4 16. Bf4 a3 17. Rab1 Qa5 18. Qc2 Nb6 19. Bg5 Na4 20. Ng4 Nxc3 21. Bxe7 Nxe7 22. Qd2 Nf5 23. Rbc1 d4 24. Nf6+ gxf6 25. g4 Rb2 26. Qf4 Nd5 27. Qe4 Ng7 28. exf6 Nxf6 29. Qf4 Nd5 30. Qh6 Bxd3 31. Rcd1 Bc2 32. Ng5 Qa4 33. Rc1 Ne8 34. Nxe6 fxe6 35. Qxe6+ Kh8 36. Qxd5 d3 37. Qxc5 Qf4 38. Rf1 Ng7 39. Qxa3 Rbb8 40. f3 Rbe8 41. h5 Re2 42. h6 Ne6 43. Qc3+ Qd4+ 44. Qxd4+ Nxd4 45. g5 d2 46. Ra1 Nf5 47. f4 Rxg2+ 48. Kxg2 Ne3+ 49. Kf3 Nxf1 0-1

[Event "CAN-ch"]
[Site "Kitchener CAN"]
[Date "2007.08.03"]
[Round "7"]
[White "Inigo, Aquino"]
[Black "Hansen, Eric"]
[Result "0-1"]
[WhiteElo "1852"]
[BlackElo "2094"]
[PlyCount "74"]
[GameId "2160767910580076"]
[EventDate "2007.08.01"]
[EventType "swiss"]
[EventRounds "9"]
[EventCountry "CAN"]
[SourceTitle "EXT 2022"]
[Source "ChessBase"]
[SourceDate "2021.10.06"]
[SourceVersion "1"]
[SourceVersionDate "2021.10.06"]
[SourceQuality "1"]

1. d4 Nf6 2. c4 c5 3. dxc5 e6 4. e3 Nc6 5. Nf3 Bxc5 6. Be2 O-O 7. O-O d5 8. cxd5 exd5 9. Nc3 Bf5 10. Na4 Bd6 11. b3 Qe7 12. Bb2 Rfd8 13. Nd4 Bg6 14. Nxc6 bxc6 15. Rc1 Rac8 16. Bf3 Ne4 17. Bxe4 Bxe4 18. Qg4 Bg6 19. Rfd1 h5 20. Qh3 Rc7 21. f4 Re8 22. Kf2 h4 23. Re1 c5 24. Qg4 c4 25. f5 Qd7 26. bxc4 dxc4 27. Rxc4 Rxc4 28. Qxc4 Qxf5+ 29. Kg1 Re4 30. Qd3 Qe6 31. Qb3 Qg4 32. Nc3 Rb4 33. Qa3 Bxh2+ 34. Kh1 h3 35. Re2 Be5 36. gxh3 Qxh3+ 37. Kg1 Rg4+ 0-1

[Event "CAN-ch"]
[Site "Kitchener CAN"]
[Date "2007.08.05"]
[Round "8"]
[White "Hansen, Eric"]
[Black "Ochkoos, Jura"]
[Result "1-0"]
[WhiteElo "2094"]
[BlackElo "2319"]
[PlyCount "33"]
[GameId "2160767910580091"]
[EventDate "2007.08.01"]
[EventType "swiss"]
[EventRounds "9"]
[EventCountry "CAN"]
[SourceTitle "EXT 2022"]
[Source "ChessBase"]
[SourceDate "2021.10.06"]
[SourceVersion "1"]
[SourceVersionDate "2021.10.06"]
[SourceQuality "1"]

1. e4 e5 2. Nf3 Nc6 3. Bc4 Nf6 4. Ng5 Bc5 5. Bxf7+ Ke7 6. Bb3 Rf8 7. O-O d6 8. Nc3 h6 9. Nd5+ Ke8 10. Nxf6+ Qxf6 11. Qh5+ Ke7 12. Nh7 Qxf2+ 13. Rxf2 Rxf2 14. d4 Bxd4 15. Bg5+ hxg5 16. Qxg5+ Ke8 17. Kh1 1-0

[Event "CAN-ch"]
[Site "Kitchener CAN"]
[Date "2007.08.05"]
[Round "9"]
[White "Stevens, Christian"]
[Black "Hansen, Eric"]
[Result "1-0"]
[WhiteElo "2288"]
[BlackElo "2094"]
[PlyCount "85"]
[GameId "2160767910580106"]
[EventDate "2007.08.01"]
[EventType "swiss"]
[EventRounds "9"]
[EventCountry "CAN"]
[SourceTitle "EXT 2022"]
[Source "ChessBase"]
[SourceDate "2021.10.06"]
[SourceVersion "1"]
[SourceVersionDate "2021.10.06"]
[SourceQuality "1"]

1. d4 Nf6 2. Bg5 Ne4 3. Bf4 c5 4. f3 Qa5+ 5. c3 Nf6 6. Nd2 cxd4 7. Nb3 Qd8 8. cxd4 d5 9. e3 Nc6 10. Bd3 e6 11. Ne2 Bd6 12. Bxd6 Qxd6 13. O-O O-O 14. f4 b6 15. a3 Bd7 16. Nc3 a6 17. Nd2 Na5 18. Nf3 b5 19. Ne5 Nc4 20. Qe2 Rfc8 21. g4 Be8 22. g5 Nd7 23. Rf3 Ncxe5 24. fxe5 Qb6 25. Rh3 g6 26. Rf3 Rxc3 27. bxc3 Qc7 28. Rc1 Nb6 29. h4 Na4 30. Rc2 Qe7 31. e4 Bc6 32. exd5 Bxd5 33. Be4 Bxe4 34. Qxe4 Rc8 35. Qf4 Rc7 36. h5 gxh5 37. Qf6 Qd7 38. Kh2 a5 39. Rh3 Qd5 40. Rf2 Nb6 41. Rxh5 Qa8 42. Rxh7 Kxh7 43. Rf4 1-0